Olimpia y los juegos olímpicos antiguos
保存先:
| 第一著者: | |
|---|---|
| フォーマット: | 図書 |
| 言語: | スペイン語 |
| 出版事項: |
Pamplona
Comité Olímpico Español
1975
|
| 主題: | |
| タグ: |
タグ追加
タグなし, このレコードへの初めてのタグを付けませんか!
|
MARC
| LEADER | 00000nam a2200000 a 4500 | ||
|---|---|---|---|
| 001 | UCZ1138 | ||
| 003 | CL-VaPUC | ||
| 008 | 950811e19751000SP |||||||||||||||||spa|d | ||
| 082 | 0 | 4 | |a 796.48 |b DUR |2 21 |
| 100 | 0 | |a Durantez, Conrado |e author |9 344568 | |
| 245 | 1 | 0 | |a Olimpia y los juegos olímpicos antiguos |
| 300 | |a 2 v | ||
| 942 | |c BK | ||
| 945 | |d 19950811 00:00:00 |a cmena | ||
| 260 | |a Pamplona |b Comité Olímpico Español |c 1975 | ||
| 650 | 7 | |a OLIMPIADAS |2 CL-VaPUC |9 341681 | |
| 650 | 0 | |a Juegos Olímpicos |9 341523 | |
| 650 | 7 | |a DEPORTE |2 CL-VaPUC |9 344569 | |
| 650 | 0 | |a Historia |9 255047 | |
| 650 | 0 | |a Arte |9 265238 | |
| 651 | 7 | |a OLIMPIA |2 CL-VaPUC |9 344570 | |
| 651 | 0 | |a Grecia |9 265314 | |
| 583 | |a last modification |c 19950811 00:00:00 |k Rodrigo Vera | ||
| 999 | |c 237943 |d 237941 | ||
| 952 | |0 0 |1 0 |4 0 |6 796_480000000000000_DUR_1975 |7 0 |8 X |9 247783 |a BIBEDU |b BIBEDU |d 2019-11-18 |h v.1 |i 1556460 |o 796.48 DUR 1975 |p 1556460 |r 2023-01-13 |w 2019-11-18 |y BK_X |k EDU | ||
| 952 | |0 0 |1 0 |4 0 |6 796_480000000000000_DUR_1975 |7 0 |8 X |9 247784 |a BIBEDU |b BIBEDU |d 2019-11-18 |h v.2 |i 1556479 |o 796.48 DUR 1975 |p 1556479 |r 2023-01-13 |w 2019-11-18 |y BK_X |k EDU | ||